| 000 | 00679cam a2200217 a 4500 | ||
|---|---|---|---|
| 001 | 000011628 | ||
| 005 | 20200929162516.0 | ||
| 008 | 810806s1941 sp 000 0 spa d | ||
| 040 |
_aDO-SdBNP _bspa _cLC _dBNPHU |
||
| 050 | 0 | 0 |
_aJX4449.W27 _bF3 |
| 082 |
_ann* _bF224b |
||
| 100 | 1 |
_aFariña, Francisco, _d1884- _927529 |
|
| 245 | 0 | 3 |
_aEl buque de guerra : _bante en derecho internacional / _cFrancisco Fariña Gutián. |
| 260 |
_aMadrid : _bNaval, _c1941. |
||
| 300 |
_a545 p. : _bil. ; _c21 cm. |
||
| 650 | 0 |
_aWarships. _927530 |
|
| 650 | 0 |
_aMaritime law. _927531 |
|
| 650 | 0 |
_aWar, maritime (international law) _927532 |
|
| 910 | _aCatalogación por copia / LC | ||
| 049 | _aBNGR | ||
| 999 |
_c11321 _d11321 |
||